000 00268nam a2200109Ia 4500
008 220204s9999 xx 000 0 und d
082 _a598.2(031)
_bDUN
100 _aDunn, Evan
245 0 _aColour encyclopedia of birds
260 _aLondon
_bCathay
_c1978
942 _cBK
999 _c35543
_d35543